000 00532nam a22001817a 4500
999 _c10770
_d10770
003 AR-CdUCM
008 190401b ||||| |||| 00| 0 spa d
040 _aMUNICIPALIDAD PROVINCIAL DEL CUSCO
_cBIBLIOTECA MUNICIPAL DEL CUSCO
082 _aES / 800 /
_bD79
100 _aDostoievski, Fedor
_910078
245 _aCrimen y castigo /
260 _aLima :
_bAlmen editores,
300 _a119 paginas ;
_c16 cm.
505 _aContenido :Crimen y castigo.
650 _aLiteratura peruana
_9169
942 _2ddc
_cLIBROS
945 _arum